埼玉県の市町村別 開業日が最も新しい駅 - Statistics

General Stats
  • This quiz has been taken 201 times
  • The average score is 43 of 69
Answer Stats
市町村 駅名 開業年 % Correct
蕨市 1893
87%
戸田市 戸田 1985
84%
和光市 和光市 1934
84%
桶川市 桶川 1885
84%
戸田市 北戸田 1985
83%
戸田市 戸田公園 1985
83%
八潮市 八潮 2005
83%
北本市 北本 1928
82%
新座市 新座 1973
81%
川口市 鳩ヶ谷 2001
79%
蓮田市 蓮田 1885
79%
白岡市 新白岡 1987
79%
鴻巣市 北鴻巣 1984
78%
越谷市 越谷レイクタウン 2007
78%
川口市 川口元郷 2001
77%
上尾市 北上尾 1988
77%
朝霞市 朝霞台 1977
77%
幸手市 幸手 1929
76%
吉川市 吉川美南 2012
76%
東松山市 東松山 1923
75%
富士見市 ふじみ野 1993
74%
行田市 行田 1966
73%
本庄市 本庄早稲田 2004
72%
三郷市 三郷中央 2005
72%
杉戸町 杉戸高野台 1986
72%
寄居町 みなみ寄居 2020
71%
川口市 南鳩ヶ谷 2001
70%
草加市 獨協大学前 1962
70%
川口市 戸塚安行 2001
69%
嵐山町 武蔵嵐山 1923
69%
川越市 南古谷 1940
68%
秩父市 西武秩父 1969
66%
横瀬町 横瀬 1969
66%
ふじみ野市 上福岡 1914
65%
川越市 西川越 1940
64%
深谷市 ふかや花園 2018
64%
春日部市 北春日部 1966
62%
所沢市 航空公園 1987
61%
日高市 武蔵高萩 1940
60%
さいたま市 西大宮 2009
59%
川口市 新井宿 2001
59%
志木市 柳瀬川 1979
59%
滑川町 つきのわ 2002
59%
熊谷市 ソシオ流通センター 2017
58%
皆野町 皆野 1914
58%
坂戸市 若葉 1979
57%
川越市 的場 1940
56%
久喜市 南栗橋 1986
56%
上里町 神保原 1897
56%
東松山市 高坂 1923
55%
狭山市 新狭山 1964
54%
伊奈町 内宿 1990
54%
川越市 笠幡 1940
51%
横瀬町 芦ヶ久保 1969
50%
飯能市 正丸 1966
47%
飯能市 西吾野 1966
46%
長瀞町 上長瀞 1916
42%
宮代町 姫宮 1927
42%
ときがわ町 明覚 1934
40%
羽生市 西羽生 1981
39%
小川町 竹沢 1934
38%
入間市 金子 1931
35%
神川町 丹荘 1931
33%
鶴ヶ島市 一本松 1934
32%
越生町 武州唐沢 1934
32%
加須市 柳生 1929
29%
美里町 松久 1933
28%
毛呂山町 武州長瀬 1938
27%
皆野町 親鼻 1914
21%
No matching quizzes found
Score Distribution
Percent of People with Each Score
Percentile by Number Answered
Your Score History
You have not taken this quiz